000 00531nam a22002177a 4500
999 _c4062
_d4062
003 Nust
005 20180723060911.0
008 161216b xxu||||| |||| 00| 0 eng d
020 _a9788129111586 (pbk)
_cRs. 122
038 _aArshad
040 _cNUST- Fiction
041 _heng
082 _a823
_bCAR
100 _aCartland, Barbara
_911921
245 _aAs eagles fly
260 _aNew Delhi:
_bRupa,
_c1975.
300 _a171p.
650 _aMan-woman relationships
_910188
650 _aMuslims
_910261
942 _2ddc
_cBK